000 00823nam a22002297a 4500
001 SISC
003 PILC
005 20170606161008.0
008 150306b xxu||||| |||| 00| 0 eng d
020 _a9780198389972
050 _aLB 2352 .Al138 2012
100 _aAllison, Rob
245 _aEnglish A :
_blanguage and literature course companion /
_cRob Allison and Brian Chanen
260 _aUnited Kingdom
_bOxford University Press
_c2012
300 _a328 p. :
_billustrations (some color) ;
_c28 cm.
440 _aOxford IB Diploma Programme
504 _aIncludes index.
650 _2Library of Congress Classification
_aEnglish language
_vExaminations
_xStudy guides
650 _2Library of Congress Classification
_aEnglish language
_vExaminations
_xStudy guides
700 _aChanen, Brian
942 _2lcc
_cBK
999 _c283740
_d283740